000 00336nam a2200133Ia 4500
008 240624s9999 xx 000 0 und d
041 _aeng
082 _a006.3 FRE
100 _aFREEMAN JAMES A
245 _aNEURAL NETWORKS ALGORITHMS APPLICATIONS
260 _c2004
_aNew Delhi
_bPearson Education
300 _axiii, : 401
365 _cRS
999 _c833
_d833